Cyber security standards, practices and industrial applications: Systems and methodogies (Record no. 10690)

000 -LEADER
fixed length control field 00491 a2200169 4500
020 ## - INTERNATIONAL STANDARD BOOK NUMBER
International Standard Book Number 9781609608514
040 ## - CATALOGING SOURCE
Original cataloging agency DLC
Language of cataloging DLC
082 ## - DEWEY DECIMAL CLASSIFICATION NUMBER
Classification number 005.8
100 ## - MAIN ENTRY--PERSONAL NAME
Personal name Junaid Ahmad Zubairi
110 ## - MAIN ENTRY--CORPORATE NAME
Corporate name or jurisdiction name as entry element Athar Mahboob
245 ## - TITLE STATEMENT
Title Cyber security standards, practices and industrial applications: Systems and methodogies
Statement of responsibility, etc. Junaid Ahmad Zubairi
260 ## - PUBLICATION, DISTRIBUTION, ETC.
Place of publication, distribution, etc. USA
Name of publisher, distributor, etc. IGI Global
Date of publication, distribution, etc. 2012
300 ## - PHYSICAL DESCRIPTION
Extent 316 p.
650 ## - SUBJECT ADDED ENTRY--TOPICAL TERM
Topical term or geographic name entry element Computer security
700 ## - ADDED ENTRY--PERSONAL NAME
Personal name Junaid Ahmad Zubairi
942 ## - ADDED ENTRY ELEMENTS (KOHA)
Koha item type Book
Call number prefix 005.8 ZUB
Source of classification or shelving scheme
Holdings
Withdrawn status Lost status Damaged status Not for loan Collection code Permanent Location Current Location Shelving location Date acquired Source of acquisition Cost, normal purchase price Total Checkouts Full call number Barcode Date last seen Price effective from Koha item type
          Central Library (CL) Central Library (CL) First Floor - Artificial Intelligence/Data Mining 01/23/2011 Global Link Information Services 14164.98   005.8 ZUB SEECS010877 11/14/2012 01/05/2017 Book
© 2023 Central Library, National University of Sciences and Technology. All Rights Reserved.